Представление документа в формате MARC21

ПолеНазваниеЗначение
  Тип записи a
  Библиографический уровень m
001 Контрольный номер RU/URAIT/583318
005 Дата корректировки 20260429163641.7
008 Кодируемые данные 260429s2026 RU y f j 000 0 rus u
020 Индекс ISBN __
a ISBN 978-5-9916-8761-4
c Цена, тираж 2109.00
040 Источник каталогиз. __
a Служба первич. каталог. ИКО Юрайт
c Служба, преобразующая запись ИКО Юрайт
e Правила каталог. RCR
041 Код языка издания __
a Код языка текста rus
044 Код страны публикации __
a Код страны публикации RU
080 Индекс УДК __
a Индекс УДК 331.108(075.8)
084 Индекс другой классификации/Индекс ББК __
2 Источник индекса rubbk
a Индекс другой классификации/Индекс ББК 65.290-2я73
100 Автор __
a Автор Лапшова О. А.
q Полное имя Лапшова Ольга Анатольевна
245 Заглавие __
a Заглавие Управление человеческими ресурсами
b Продолж. заглавия учебник и практикум для вузов
c Ответственность О. А. Лапшова [и др.] ; под общей редакцией О. А. Лапшовой.
256 Характеристики компьютерного файла __
a Характеристики компьютерного файла Электрон. дан.
260 Выходные данные __
a Место издания Москва
b Издательство Юрайт
c Дата издания 2026
300 Физическое описание __
a Объем 406 с
440 Серия __
a Серия Высшее образование
500 Примечания __
a Примечание URL: https://urait.ru/bcode/583318 (дата обращения: 29.04.2026).
520 Аннотация __
a Аннотация В курсе всесторонне рассматриваются основные аспекты управления человеческими ресурсами, концепции и философия этой деятельности, теория корпоративной культуры, стратегии кадровой политики и планирования человеческих ресурсов, а также алгоритмы анализа кадрового потенциала организации. Раскрыты методы управления деловой карьерой и формирования кадрового резерва. Особое внимание уделяется практике управления человеческими ресурсами в разных странах. Освещены организационные и социально-психологические аспекты управления человеческими ресурсами. Курс станет незаменимым подспорьем для будущих руководителей государственных и коммерческих организаций. Для студентов высших учебных заведений, обучающихся по экономическим направлениям.
538 Прим. о системных особенностях __
a Прим. о системных особенностях Режим доступа: Электронно-библиотечная система Юрайт, для авториз. пользователей
653 Ключевые слова __
a Ключевые слова Управление персоналом. Управление человеческими ресурсами
653 Ключевые слова __
a Ключевые слова Менеджмент
653 Ключевые слова __
a Ключевые слова Основы управления персоналом
653 Ключевые слова __
a Ключевые слова Управление персоналом
653 Ключевые слова __
a Ключевые слова Управление трудовыми ресурсами
653 Ключевые слова __
a Ключевые слова Управление персоналом организации
653 Ключевые слова __
a Ключевые слова Управление человеческими ресурсами
653 Ключевые слова __
a Ключевые слова Методы управления человеческими ресурсами
653 Ключевые слова __
a Ключевые слова Организация и управление трудовым коллективом
653 Ключевые слова __
a Ключевые слова Кадровый менеджмент
653 Ключевые слова __
a Ключевые слова Основы управления человеческими ресурсами
653 Ключевые слова __
a Ключевые слова Основы управления персоналом предприятия
653 Ключевые слова __
a Ключевые слова Организация и управление работой трудового коллектива
653 Ключевые слова __
a Ключевые слова Инвестиции в человеческий капитал
653 Ключевые слова __
a Ключевые слова Технология управления коллективами
653 Ключевые слова __
a Ключевые слова Управление персоналом в организации
653 Ключевые слова __
a Ключевые слова Анализ воспроизводства трудовых ресурсов
653 Ключевые слова __
a Ключевые слова Управление персоналом в организациях
653 Ключевые слова __
a Ключевые слова Концепции человеческого развития
653 Ключевые слова __
a Ключевые слова Управление персоналом и организация
653 Ключевые слова __
a Ключевые слова Общие вопросы управления человеческими ресурсами
653 Ключевые слова __
a Ключевые слова Основы управления коллективом
653 Ключевые слова __
a Ключевые слова Методы воздействия на человека в организациях
700 Другие авторы __
a Другие авторы Земляк С. В.
q Полное имя Земляк Светлана Васильевна
700 Другие авторы __
a Другие авторы Баудер Е. А.
q Полное имя Баудер Елена Александровна
700 Другие авторы __
a Другие авторы Гадиев Г. А.
q Полное имя Гадиев Гусейн Аскер-Оглы
700 Другие авторы __
a Другие авторы Ганичева Е. В.
q Полное имя Ганичева Елена Викторовна
700 Другие авторы __
a Другие авторы Кондрашов В. М.
q Полное имя Кондрашов Виктор Михайлович
700 Другие авторы __
a Другие авторы Савченко Ю. Ю.
q Полное имя Савченко Юлия Юрьевна
700 Другие авторы __
a Другие авторы Соколова И. С.
q Полное имя Соколова Ирина Сергеевна
700 Другие авторы __
a Другие авторы Василенко С. А.
q Полное имя Василенко Светлана Александровна
700 Другие авторы __
a Другие авторы Шеломенцева М. В.
q Полное имя Шеломенцева Марина Владимировна
700 Другие авторы __
a Другие авторы Яшенкова Н. А.
q Полное имя Яшенкова Наталья Александровна
856 Электронный адрес документа 40
n Местонахождение сервера Юрайт
g Электронная книга
q Тип электронного формата html
h Имя пользователя ЮРАЙТ
v Часы доступа к ресурсу 20271231
2 Способ доступа Показать документ
x Служебное примечание https://urait.ru/book/cover/7F89C8EB-E9B8-4BAA-BE03-F6FAA5CEA566
u URL https://urait.ru/bcode/583318
856 Электронный адрес документа 48
q Тип электронного формата cover
u URL https://urait.ru/book/cover/7F89C8EB-E9B8-4BAA-BE03-F6FAA5CEA566
911 __
u 0030=https://urait.ru/bcode/583318
911 __
u 073a=9785991687614
u 073d=2109.00
911 __
u 106a=s
911 __
u 900l=
952 Тип литературы __
i Дисциплина Основы управления персоналом
952 Тип литературы __
i Дисциплина Управление персоналом
952 Тип литературы __
i Дисциплина Управление трудовыми ресурсами
952 Тип литературы __
i Дисциплина Управление персоналом организации
952 Тип литературы __
i Дисциплина Управление человеческими ресурсами
952 Тип литературы __
i Дисциплина Методы управления человеческими ресурсами
952 Тип литературы __
i Дисциплина Организация и управление трудовым коллективом
952 Тип литературы __
i Дисциплина Кадровый менеджмент
952 Тип литературы __
i Дисциплина Основы управления человеческими ресурсами
952 Тип литературы __
i Дисциплина Основы управления персоналом предприятия
952 Тип литературы __
i Дисциплина Организация и управление работой трудового коллектива
952 Тип литературы __
i Дисциплина Инвестиции в человеческий капитал
952 Тип литературы __
i Дисциплина Технология управления коллективами
952 Тип литературы __
i Дисциплина Управление персоналом в организации
952 Тип литературы __
i Дисциплина Анализ воспроизводства трудовых ресурсов
952 Тип литературы __
i Дисциплина Управление персоналом в организациях
952 Тип литературы __
i Дисциплина Концепции человеческого развития
952 Тип литературы __
i Дисциплина Управление персоналом и организация
952 Тип литературы __
i Дисциплина Общие вопросы управления человеческими ресурсами
952 Тип литературы __
i Дисциплина Основы управления коллективом
952 Тип литературы __
i Дисциплина Методы воздействия на человека в организациях